ბათუმის შოთა რუსთაველის სახელმწიფო უნივერსიტეტის ბიბლიოთეკა

Kontrastive Linguistik : (ბიბ.ჩანაწერი № 62146)

000 -LEADER
fixed length control field 00589nam a22001697a 4500
005 - DATE AND TIME OF LATEST TRANSACTION
control field 20240723143708.0
008 - FIXED-LENGTH DATA ELEMENTS--GENERAL INFORMATION
fixed length control field 240723s2016 ge ||||| |||| 00| 0 ger d
020 ## - INTERNATIONAL STANDARD BOOK NUMBER
International Standard Book Number 9783823380160 X
080 ## - UNIVERSAL DECIMAL CLASSIFICATION NUMBER
Universal Decimal Classification number 81'1 T-44
100 ## - MAIN ENTRY--PERSONAL NAME
Personal name Theisen, Joachim
9 (RLIN) 22908
245 ## - TITLE STATEMENT
Title Kontrastive Linguistik :
Remainder of title Eine Einführung /
Statement of responsibility, etc. Joachim Theisen.
264 ## - PRODUCTION, PUBLICATION, DISTRIBUTION, MANUFACTURE, AND COPYRIGHT NOTICE
Place of production, publication, distribution, manufacture Tübingen:
Name of producer, publisher, distributor, manufacturer Narr Francke Attempto Verlag,
Date of production, publication, distribution, manufacture, or copyright notice 2016.
300 ## - PHYSICAL DESCRIPTION
Extent 263 p.:
Other physical details 24 cm.
653 ## - INDEX TERM--UNCONTROLLED
keyword Linguistik. Kontrastive Linguistik.
653 ## - INDEX TERM--UNCONTROLLED
keyword კონტრასტული ლინგვისტიკა
942 ## - ADDED ENTRY ELEMENTS (KOHA)
Source of classification or shelving scheme
Koha item type წიგნი
ეგზემპლარები
Withdrawn status Lost status Source of classification or shelving scheme Damaged status Not for loan Permanent Location Current Location Shelving location Date acquired Cost, normal purchase price Full call number Barcode Date last seen Copy number Price effective from Koha item type Public note
          ბათუმის შოთა რუსთაველის სახელმწიფო უნივერსიტეტის მთავარი ბიბლიოთეკა ბათუმის შოთა რუსთაველის სახელმწიფო უნივერსიტეტის მთავარი ბიბლიოთეკა წიგნსაცავი 2024-07-23 135.00 81'1 T-44 68826 2024-07-23 68826 2024-07-23 წიგნი 135.00